000 00310 a2200157 4500
001 163092
020 _a
040 _cMagnum
100 _aBernardino, Adriana
240 1 0 _aO destino de pan
_lpor
245 1 0 _aO destino de pan
362 0 _a1899
440 1 _aFTD
697 _aIJ/FICCAO
942 _cBK
999 _c163092
_d163092